[Event "First Saturday 2010 december FM-A"]
[Site "Budapest"]
[Date "2010.12.04"]
[Round "1"]
[White "Zala, Gyula"]
[Black "Grimm, Daniel"]
[Result "1-0"]
[WhiteElo "1988"]
[BlackElo "1912"]
[PlyCount "59"]
[EventDate "2010.12.04"]

1. e4 c5 2. a3 e6 3. b4 b6 4. c3 d5 5. e5 Nc6 6. d4 c4 7. Ra2 f5 8. f4 Nh6 9.
Nf3 Be7 10. Be2 Nf7 11. O-O Bb7 12. a4 h6 13. Na3 g5 14. g4 fxg4 15. Ne1 h5 16.
f5 exf5 17. Rxf5 Bc8 18. Rf1 O-O 19. Nxc4 dxc4 20. Bxc4 Ncxe5 21. Bb3 Ng6 22.
Raf2 Nge5 23. Qc2 Kg7 24. dxe5 Nh6 25. Rxf8 Bxf8 26. Qe4 Bf5 27. Rxf5 Nxf5 28.
Qxf5 Be7 29. Qf7+ Kh6 30. Bc2 1-0

[Event "First Saturday 2010 december FM-A"]
[Site "Budapest"]
[Date "2010.12.04"]
[Round "1"]
[White "Mayer, Istvan"]
[Black "Czibulka, Zoltan dr"]
[Result "1-0"]
[WhiteElo "2049"]
[BlackElo "2092"]
[PlyCount "119"]
[EventDate "2010.12.04"]

1. e4 e6 2. d4 d5 3. e5 c5 4. c3 Nc6 5. Nf3 Bd7 6. Be2 Qb6 7. O-O Nge7 8. dxc5
Qxc5 9. Na3 Ng6 10. Nb5 Ncxe5 11. Be3 Nxf3+ 12. gxf3 Qc8 13. Nxa7 Qb8 14. Nb5
Be7 15. Bb6 Bd6 16. Nxd6+ Qxd6 17. Qd4 Nf4 18. Rfe1 e5 19. Bf1 Ng6 20. f4 f6
21. fxe5 fxe5 22. c4 Be6 23. Qc5 Qxc5 24. Bxc5 Kf7 25. cxd5 Bxd5 26. Red1 Bc6
27. Bc4+ Kf6 28. Rd6+ Kg5 29. Re1 Rhe8 30. Re3 Rad8 31. Rg3+ Kf5 32. Be6+ Ke4
33. f3+ Kf4 34. Kf2 Rxe6 35. Be3+ Kf5 36. Rxd8 h6 37. Rg8 e4 38. fxe4+ Bxe4 39.
Rxg7 Rc6 40. Bxh6 Ne5 41. R3g5+ Ke6 42. Re7+ Kxe7 43. Rxe5+ Re6 44. Bg5+ Kf7
45. Rxe6 Kxe6 46. Ke3 Bb1 47. a4 Kd5 48. a5 Bg6 49. Kf4 Ke6 50. Bd8 Bd3 51. h4
Be2 52. Kg5 Bd3 53. h5 Kf7 54. Bf6 Kg8 55. h6 Kf7 56. Bc3 Ke6 57. b4 Bh7 58. b5
Kd5 59. b6 Kc6 60. Kf6 {after 14 move} 1-0

[Event "First Saturday 2010 december FM-A"]
[Site "Budapest"]
[Date "2010.12.04"]
[Round "1"]
[White "Koczo, Kristof"]
[Black "Schenkerik, Csaba"]
[Result "1-0"]
[WhiteElo "2187"]
[BlackElo "2127"]
[PlyCount "109"]
[EventDate "2010.12.04"]

1. d4 f5 2. Bf4 Nf6 3. e3 e6 4. Bd3 d5 5. Nf3 Bd6 6. Nbd2 b6 7. Qe2 Bb7 8. Ne5
Qe7 9. Ndf3 O-O 10. h4 c5 11. c3 c4 12. Bc2 b5 13. a3 a5 14. h5 b4 15. axb4
axb4 16. Rxa8 Bxa8 17. h6 g6 18. Bg5 Qa7 19. Bxf6 Rxf6 20. O-O b3 21. Bd1 Bf8
22. g4 fxg4 23. Nxg4 Rf5 24. Nh4 Rf7 25. f4 Nd7 26. Nf3 Rf5 27. Nfe5 Nxe5 28.
fxe5 Be7 29. e4 dxe4 30. Rxf5 gxf5 31. Ne3 Bg5 32. Qg2 Qe7 33. Nxc4 Kf8 34.
Bxb3 Bxh6 35. Nd6 Qh4 36. Nxf5 Qe1+ 37. Kh2 Bf4+ 38. Kh3 exf5 39. Qg8+ Ke7 40.
Qe6+ Kd8 41. Qd6+ Kc8 42. Be6+ Kb7 43. Bd5+ Kc8 44. Qc5+ Kd8 45. Qb6+ Ke8 46.
Qb8+ Kd7 47. Qa7+ Kd8 48. Qxa8+ Kc7 49. Qc6+ Kd8 50. Qf6+ Kc8 51. Qxf5+ Kc7 52.
Qxh7+ Kc8 53. Qf5+ Kd8 54. Qf8+ Kd7 55. e6+ 1-0

[Event "First Saturday 2010 december FM-A"]
[Site "Budapest"]
[Date "2010.12.04"]
[Round "1"]
[White "Csomor, Viktor"]
[Black "Letay, Gyula"]
[Result "1-0"]
[WhiteElo "2084"]
[BlackElo "2089"]
[PlyCount "135"]
[EventDate "2010.12.04"]

1. d4 d5 2. c4 e6 3. Nc3 Nf6 4. Bg5 Be7 5. e3 O-O 6. Nf3 h6 7. Bh4 b6 8. cxd5
Nxd5 9. Bxe7 Qxe7 10. Nxd5 exd5 11. Bd3 Be6 12. O-O c5 13. dxc5 bxc5 14. Rc1
Rc8 15. Nd2 Nd7 16. e4 Ne5 17. Bb1 d4 18. h3 f6 19. f4 Nd7 20. Nf3 a5 21. Qc2
Nf8 22. e5 f5 23. b3 a4 24. Nd2 axb3 25. axb3 Qc7 26. Nc4 Rcb8 27. Nd6 Rxb3 28.
Qxc5 Qxc5 29. Rxc5 d3 30. Rb5 Rc3 31. Rb4 Nd7 32. Nb5 Rc4 33. Rxc4 Bxc4 34. Nd6
Ba6 35. e6 Nf6 36. e7 Rb8 37. Rd1 Ne8 38. Nxf5 Kf7 39. Bxd3 Bxd3 40. Rxd3 Rb5
41. g4 h5 42. Rd8 Rb4 43. Rxe8 Kxe8 44. Nxg7+ Kxe7 45. Nxh5 Rb2 46. Ng3 Kf6 47.
h4 Kf7 48. h5 Rb4 49. Ne2 Ra4 50. Kf2 Kf6 51. Kf3 Ra3+ 52. Ke4 Ra1 53. g5+ Kg7
54. Kf5 Ra5+ 55. Kg4 Ra4 56. Ng3 Rb4 57. Nf5+ Kf7 58. g6+ Kf6 59. Ne3 Rb5 60.
Kh4 Rb7 61. Kg4 Rb5 62. Nc4 Rb1 63. Ne5 Rg1+ 64. Kf3 Rh1 65. h6 Rh3+ 66. Ke4
Rh1 67. g7 Rg1 68. Kf3 1-0

[Event "First Saturday 2010 december FM-A"]
[Site "Budapest"]
[Date "2010.12.05"]
[Round "2"]
[White "Schenkerik, Csaba"]
[Black "Csomor, Viktor"]
[Result "1/2-1/2"]
[WhiteElo "2127"]
[BlackElo "2084"]
[PlyCount "63"]
[EventDate "2010.12.04"]

1. e4 e6 2. d4 d5 3. Nd2 c5 4. exd5 exd5 5. Ngf3 Nc6 6. Bb5 Bd6 7. dxc5 Bxc5 8.
O-O Nge7 9. Nb3 Bd6 10. Bg5 O-O 11. c3 Bg4 12. Bh4 Qc7 13. Bg3 Bxg3 14. hxg3
Rad8 15. Be2 Qb6 16. Nfd4 Bxe2 17. Qxe2 Ng6 18. Rfe1 Nce5 19. Nf5 Nc4 20. Rab1
Nd6 21. Nxd6 Qxd6 22. Nd4 Qd7 23. Qb5 Qxb5 24. Nxb5 a6 25. Nd4 Rfe8 26. Rbd1
Ne5 27. Nf5 Kf8 28. Ne3 Nc4 29. Nxc4 Rxe1+ 30. Rxe1 dxc4 31. Kf1 Rd2 32. Re2
1/2-1/2

[Event "First Saturday 2010 december FM-A"]
[Site "Budapest"]
[Date "2010.12.05"]
[Round "2"]
[White "Tessedik, Karoly"]
[Black "Mayer, Istvan"]
[Result "0-1"]
[WhiteElo "1993"]
[BlackElo "2049"]
[PlyCount "62"]
[EventDate "2010.12.04"]

1. d4 g6 2. Nf3 Bg7 3. g3 d5 4. c4 dxc4 5. Nc3 c6 6. a4 Nf6 7. Bg2 Nd5 8. O-O
a5 9. Ne5 Nxc3 10. bxc3 Bxe5 11. dxe5 Qxd1 12. Rxd1 Nd7 13. Bh6 Rg8 14. f4 Nc5
15. Ra2 Be6 16. Kf2 Rd8 17. Rd4 Nb3 18. Rxd8+ Kxd8 19. h3 f5 20. e4 Nc5 21.
exf5 gxf5 22. Bg5 Ke8 23. Ke3 Kf7 24. Bf3 Rd8 25. Bh5+ Kf8 26. Be2 Ne4 27. Bh6+
Ke8 28. g4 Nxc3 29. gxf5 Bxf5 30. Bh5+ Bg6 31. Bxg6+ hxg6 0-1

[Event "First Saturday 2010 december FM-A"]
[Site "Budapest"]
[Date "2010.12.05"]
[Round "2"]
[White "Grimm, Daniel"]
[Black "Borda, Lajos"]
[Result "1/2-1/2"]
[WhiteElo "1912"]
[BlackElo "2127"]
[PlyCount "39"]
[EventDate "2010.12.04"]

1. e4 c5 2. Nf3 a6 3. Nc3 b5 4. d4 cxd4 5. Nxd4 Bb7 6. Bd3 d6 7. O-O Nd7 8. Kh1
g6 9. f4 Bg7 10. Nb3 Ngf6 11. Qe2 Qc7 12. Bd2 O-O 13. Rae1 Nc5 14. Nxc5 dxc5
15. e5 Nd5 16. Nxd5 Bxd5 17. c4 bxc4 18. Bxc4 Rfd8 19. Bc3 e6 20. a3 1/2-1/2

[Event "First Saturday 2010 december FM-A"]
[Site "Budapest"]
[Date "2010.12.05"]
[Round "2"]
[White "Darazs, Zoltan"]
[Black "Zala, Gyula"]
[Result "1-0"]
[WhiteElo "2183"]
[BlackElo "1988"]
[PlyCount "69"]
[EventDate "2010.12.04"]

1. e4 e5 2. Nf3 d5 3. Nxe5 Qe7 4. d4 f6 5. Ng4 dxe4 6. Ne3 c6 7. f3 f5 8. fxe4
fxe4 9. Bc4 Nf6 10. O-O Be6 11. Bxe6 Qxe6 12. c4 Nbd7 13. Nc3 Be7 14. d5 Qe5
15. Rf5 Qd6 16. Rg5 g6 17. Rg3 Qe5 18. Ng4 Nxg4 19. Qxg4 Nf6 20. Qe6 Qxe6 21.
dxe6 Bd6 22. Bg5 O-O 23. Bxf6 Bxg3 24. Nxe4 Rxf6 25. Nxf6+ Kg7 26. Ne4 Be5 27.
Rf1 Re8 28. Rf7+ Kg8 29. Nf6+ Bxf6 30. Rxf6 Re7 31. g4 g5 32. h4 gxh4 33. Kh2
h6 34. Rxh6 Kf8 35. Kh3 1-0

[Event "First Saturday 2010 december FM-A"]
[Site "Budapest"]
[Date "2010.12.06"]
[Round "3"]
[White "Borda, Lajos"]
[Black "Darazs, Zoltan"]
[Result "0-1"]
[WhiteElo "2127"]
[BlackElo "2183"]
[PlyCount "87"]
[EventDate "2010.12.04"]

1. d4 Nf6 2. c4 g6 3. Nc3 d5 4. cxd5 Nxd5 5. Bd2 Bg7 6. e4 Nb6 7. Be3 O-O 8. f4
Nc6 9. d5 Nb8 10. a4 c6 11. a5 N6d7 12. Bc4 cxd5 13. exd5 Nf6 14. Nf3 Bf5 15.
O-O Nbd7 16. Qe2 b6 17. Nd4 Bg4 18. Qd2 Nc5 19. Nc6 Qd7 20. Bxc5 bxc5 21. Rae1
Rfe8 22. h3 Bf5 23. g4 Bxg4 24. hxg4 Nxg4 25. Qg2 h5 26. Ne5 Qf5 27. d6 e6 28.
Bd3 Qf6 29. d7 Red8 30. Be4 Rab8 31. Nc6 Qh4 32. Rd1 Bd4+ 33. Rxd4 cxd4 34.
Nxb8 dxc3 35. bxc3 Ne3 36. Qg5 Qxg5+ 37. fxg5 Nxf1 38. Bb7 Nd2 39. Bc8 Nf3+ 40.
Kf2 Ne5 41. c4 Kg7 42. Kg3 Nxd7 43. Bxd7 Rxb8 44. Bb5 0-1

[Event "First Saturday 2010 december FM-A"]
[Site "Budapest"]
[Date "2010.12.06"]
[Round "3"]
[White "Mayer, Istvan"]
[Black "Grimm, Daniel"]
[Result "1/2-1/2"]
[WhiteElo "2049"]
[BlackElo "1912"]
[PlyCount "60"]
[EventDate "2010.12.04"]

1. e4 c5 2. Nf3 Nc6 3. c3 d5 4. exd5 Qxd5 5. d4 cxd4 6. cxd4 e5 7. Nc3 Bb4 8.
dxe5 Bxc3+ 9. bxc3 Qxd1+ 10. Kxd1 Bg4 11. Be2 Bxf3 12. Bxf3 O-O-O+ 13. Kc2 Nxe5
14. Be2 Nf6 15. f4 Nc6 16. Bf3 Rhe8 17. Bd2 Ne4 18. Be1 Na5 19. Rb1 Nc4 20. Rb4
Ne3+ 21. Kc1 f5 22. h3 Nc5 23. Rd4 Rxd4 24. cxd4 Nd3+ 25. Kd2 Nxf4 26. Bf2 Nc4+
27. Kc3 Nb6 28. Rc1 Kd7 29. Kd2 Nfd5 30. a4 a5 1/2-1/2

[Event "First Saturday 2010 december FM-A"]
[Site "Budapest"]
[Date "2010.12.06"]
[Round "3"]
[White "Koczo, Kristof"]
[Black "Tessedik, Karoly"]
[Result "1/2-1/2"]
[WhiteElo "2187"]
[BlackElo "1993"]
[PlyCount "120"]
[EventDate "2010.12.04"]

1. d4 d6 2. e4 g6 3. c4 Bg7 4. Nc3 Nd7 5. Nf3 e5 6. Be2 Ngf6 7. d5 h6 8. h3 Nh7
9. g4 Ng5 10. h4 Nxf3+ 11. Bxf3 Bf6 12. Be3 Bxh4 13. Qd2 g5 14. O-O-O Qf6 15.
Qe2 a6 16. Kc2 b6 17. Ra1 Nf8 18. Rh2 Ng6 19. Rah1 Bd7 20. Bd2 Kf8 21. Nd1 Kg7
22. Ne3 Nf4 23. Qd1 b5 24. Nf5+ Bxf5 25. exf5 bxc4 26. Bxf4 exf4 27. Qd2 Rhe8
28. Qc3 Rab8 29. Qxf6+ Kxf6 30. Kc3 a5 31. Rb1 Rb4 32. Rd1 Reb8 33. Rd2 Ra4 34.
b3 cxb3 35. axb3 Rab4 36. Bd1 h5 37. gxh5 Kxf5 38. Bc2+ Kf6 39. h6 Rh8 40. h7
Kg7 41. Rd4 Rb5 42. Bd3 Rc5+ 43. Kb2 Re8 44. Re4 Rxe4 45. Bxe4 f5 46. Bxf5 Rxd5
47. Bc2 Re5 48. f3 d5 49. Rd2 c6 50. Rd4 c5 51. Ra4 Be1 52. Ra1 d4 53. Rd1 Bc3+
54. Ka3 Re2 55. Rh1 Kh8 56. Bf5 Re5 57. Bb1 Re1 58. Rxe1 Bxe1 59. Ka4 g4 60.
fxg4 f3 1/2-1/2

[Event "First Saturday 2010 december FM-A"]
[Site "Budapest"]
[Date "2010.12.06"]
[Round "3"]
[White "Letay, Gyula"]
[Black "Schenkerik, Csaba"]
[Result "1/2-1/2"]
[WhiteElo "2089"]
[BlackElo "2127"]
[PlyCount "31"]
[EventDate "2010.12.04"]

1. Nf3 g6 2. g3 Bg7 3. Bg2 d6 4. d3 f5 5. e4 e5 6. Nc3 Nc6 7. Bg5 Bf6 8. Bxf6
Nxf6 9. Qd2 fxe4 10. dxe4 Bg4 11. h3 Bxf3 12. Bxf3 Nd4 13. Bg2 Qe7 14. Ne2 Nxe2
15. Qxe2 O-O-O 16. O-O-O 1/2-1/2

[Event "First Saturday 2010 december FM-A"]
[Site "Budapest"]
[Date "2010.12.07"]
[Round "4"]
[White "Tessedik, Karoly"]
[Black "Csomor, Viktor"]
[Result "0-1"]
[WhiteElo "1993"]
[BlackElo "2084"]
[PlyCount "60"]
[EventDate "2010.12.04"]

1. Nf3 e6 2. b3 Nf6 3. Bb2 Be7 4. g3 b6 5. Bg2 Bb7 6. O-O O-O 7. d3 d5 8. c4 c5
9. cxd5 exd5 10. d4 Nbd7 11. Nh4 g6 12. dxc5 bxc5 13. Nd2 Ne4 14. Nxe4 dxe4 15.
Qc2 Bxh4 16. gxh4 Qxh4 17. Qc3 f6 18. Qc4+ Rf7 19. Rad1 Nb6 20. Qxc5 Rc8 21.
Qe3 Nd5 22. Qd2 Nf4 23. e3 Nxg2 24. Kxg2 Qg4+ 25. Kh1 Qf3+ 26. Kg1 Rc5 27. Qd8+
Rf8 28. Qxf8+ Kxf8 29. Ba3 Ba6 30. Bxc5+ Ke8 0-1

[Event "First Saturday 2010 december FM-A"]
[Site "Budapest"]
[Date "2010.12.07"]
[Round "4"]
[White "Grimm, Daniel"]
[Black "Koczo, Kristof"]
[Result "1-0"]
[WhiteElo "1912"]
[BlackElo "2187"]
[PlyCount "115"]
[EventDate "2010.12.04"]

1. e4 c5 2. Nf3 d6 3. d4 cxd4 4. Nxd4 Nf6 5. Nc3 a6 6. Be3 e6 7. f3 b5 8. Qd2
Nbd7 9. g4 Nb6 10. O-O-O Bb7 11. Qf2 Nfd7 12. Kb1 Rc8 13. h4 b4 14. Nce2 Qc7
15. Ng3 d5 16. e5 Qxe5 17. f4 Qc7 18. g5 Nc4 19. Bc1 Bc5 20. Bh3 Qb6 21. h5
Na3+ 22. bxa3 bxa3+ 23. Ka1 Bb4 24. Bb2 axb2+ 25. Kb1 Rc3 26. g6 Bc5 27. gxf7+
Kf8 28. Nge2 Rc4 29. h6 Kxf7 30. Qg2 g6 31. Bxe6+ Ke8 32. Bxd5 Bxd4 33. Qe4+
Kd8 34. Nxd4 Re8 35. Ne6+ Qxe6 36. Qxc4 Bxd5 37. Qxd5 Qxd5 38. Rxd5 Kc7 39.
Rhd1 Nf6 40. Rd6 Ne4 41. Rd7+ Kc6 42. Kxb2 Rb8+ 43. Kc1 Nc3 44. R1d6+ Kc5 45.
Rd3 Rb1+ 46. Kd2 Ne4+ 47. Ke2 Nf6 48. Rc7+ Kb6 49. Rf7 Ng4 50. Rb3+ Rxb3 51.
axb3 Nxh6 52. Rxh7 Nf5 53. Rf7 Nh4 54. Kd3 Kc5 55. c4 Nf3 56. Kc3 a5 57. Rf6
Nh4 58. Ra6 1-0

[Event "First Saturday 2010 december FM-A"]
[Site "Budapest"]
[Date "2010.12.07"]
[Round "4"]
[White "Darazs, Zoltan"]
[Black "Mayer, Istvan"]
[Result "1/2-1/2"]
[WhiteElo "2183"]
[BlackElo "2049"]
[PlyCount "25"]
[EventDate "2010.12.04"]

1. e4 e6 2. d4 d5 3. e5 c5 4. c3 Nc6 5. Nf3 Qb6 6. Be2 Bd7 7. O-O cxd4 8. cxd4
Nge7 9. Nc3 Nf5 10. Na4 Qd8 11. a3 a6 12. b4 b5 13. Nc5 1/2-1/2

[Event "First Saturday 2010 december FM-A"]
[Site "Budapest"]
[Date "2010.12.07"]
[Round "4"]
[White "Zala, Gyula"]
[Black "Borda, Lajos"]
[Result "0-1"]
[WhiteElo "1988"]
[BlackElo "2127"]
[PlyCount "66"]
[EventDate "2010.12.04"]

1. e4 c5 2. a3 e5 3. b4 cxb4 4. axb4 Bxb4 5. c3 Bc5 6. d4 exd4 7. cxd4 Bb4+ 8.
Nd2 Qe7 9. Qe2 Nf6 10. f3 O-O 11. Bb2 Re8 12. Kf2 d5 13. e5 Nfd7 14. f4 f5 15.
Ngf3 a6 16. Nb3 b5 17. Qc2 Nb6 18. Bd3 Nc4 19. Bc1 Rf8 20. g4 fxg4 21. Bxh7+
Kh8 22. f5 gxf3 23. h4 Nxe5 24. dxe5 Qxe5 25. Bb2 Qe4 26. Bxg7+ Kxg7 27. Qc7+
Kh8 28. Bg6 Nd7 29. Rae1 Bxe1+ 30. Rxe1 Qxh4+ 31. Kxf3 Qxe1 32. Qh2+ Kg7 33.
Qh7+ Kf6 0-1

[Event "First Saturday 2010 december FM-A"]
[Site "Budapest"]
[Date "2010.12.08"]
[Round "5"]
[White "Mayer, Istvan"]
[Black "Zala, Gyula"]
[Result "0-1"]
[WhiteElo "2049"]
[BlackElo "1988"]
[PlyCount "56"]
[EventDate "2010.12.04"]

1. e4 e5 2. Nf3 d5 3. exd5 e4 4. Qe2 Be7 5. Qxe4 Nf6 6. Bb5+ c6 7. dxc6 bxc6 8.
Bxc6+ Nxc6 9. Qxc6+ Bd7 10. Qa6 Rb8 11. c4 O-O 12. O-O Rb6 13. Qxa7 Bc6 14. Ne5
Ba8 15. Nc3 Bd6 16. d4 Nh5 17. Qa5 Bb4 18. Nxf7 Bxa5 19. Nxd8 Rxd8 20. Nb5 Bd5
21. b3 Be4 22. g4 Nf6 23. g5 Ne8 24. a3 Bd3 25. b4 Ra8 26. bxa5 Rxa5 27. Re1
Kf8 28. Bd2 Ra4 {after 16 move} 0-1

[Event "First Saturday 2010 december FM-A"]
[Site "Budapest"]
[Date "2010.12.08"]
[Round "5"]
[White "Csomor, Viktor"]
[Black "Grimm, Daniel"]
[Result "1-0"]
[WhiteElo "2084"]
[BlackElo "1912"]
[PlyCount "113"]
[EventDate "2010.12.04"]

1. d4 Nf6 2. c4 g6 3. Nc3 Bg7 4. e4 O-O 5. Nge2 d6 6. Ng3 e5 7. d5 c6 8. Be2
cxd5 9. cxd5 a6 10. Be3 Ne8 11. Qd2 b5 12. h4 h5 13. Bg5 f6 14. Be3 Nd7 15. b4
Nb6 16. a4 Nxa4 17. Nxa4 bxa4 18. Rxa4 Nc7 19. Ra5 Rb8 20. O-O Nb5 21. Bxb5
Rxb5 22. Rxb5 axb5 23. Ra1 f5 24. Bg5 Qe8 25. Ra7 Rf7 26. Ra8 f4 27. Qc2 Rf8
28. Ne2 f3 29. gxf3 Qd7 30. Qc6 Qh3 31. Ng3 Kh7 32. Qc3 Qd7 33. Qc6 Qh3 34. Qc3
Qd7 35. Qe3 Qc7 36. Ra7 Bb7 37. Qd3 Qb6 38. Ra5 Qd4 39. Qxd4 exd4 40. Ra7 Rf7
41. Ra3 Rc7 42. Ne2 Rc4 43. Rb3 Bc8 44. Kg2 Rc2 45. Nf4 Ra2 46. Nd3 Ra7 47. Bc1
Ra6 48. Ra3 Bf6 49. Rxa6 Bxa6 50. Kg3 Kg7 51. f4 Kf7 52. Kf3 Bb7 53. Kg3 Bg7
54. Bb2 Ke7 55. Nc1 Kd7 56. Nb3 Ke7 57. Bxd4 1-0

[Event "First Saturday 2010 december FM-A"]
[Site "Budapest"]
[Date "2010.12.08"]
[Round "5"]
[White "Schenkerik, Csaba"]
[Black "Czibulka, Zoltan dr"]
[Result "1/2-1/2"]
[WhiteElo "2127"]
[BlackElo "2092"]
[PlyCount "117"]
[EventDate "2010.12.04"]

1. e4 e6 2. d4 d5 3. Nd2 c5 4. exd5 Qxd5 5. Ngf3 cxd4 6. Bc4 Qd6 7. O-O Nf6 8.
Nb3 Nc6 9. Nbxd4 Nxd4 10. Nxd4 Bd7 11. Nb5 Qb6 12. Be3 Bc5 13. Bxc5 Qxc5 14. b4
Qb6 15. Qd6 Qxd6 16. Nxd6+ Ke7 17. Nxb7 Rab8 18. Ba6 Bc8 19. Nc5 Rxb4 20. Rfb1
Rb6 21. Bb5 Bd7 22. Bxd7 Nxd7 23. Nxd7 Kxd7 24. Rxb6 axb6 25. Rb1 Kc6 26. Kf1
Ra8 27. Rb2 e5 28. Ke2 Ra4 29. Kd2 b5 30. Kc3 Kc5 31. Kd3 f5 32. Rb3 e4+ 33.
Ke3 g5 34. g3 Rxa2 35. Rc3+ Kd5 36. Rc8 Ra3+ 37. Kd2 f4 38. Rd8+ Ke5 39. Rb8
Ra5 40. g4 Kd4 41. Rd8+ Ke5 42. Rb8 e3+ 43. fxe3 fxe3+ 44. Kxe3 Ra3+ 45. Kf2
Kf4 46. Rxb5 Kxg4 47. Kg2 Rc3 48. Rb4+ Kh5 49. Rb2 g4 50. Rb5+ Kh4 51. Rb2 h5
52. Kg1 Rc5 53. Kg2 Kg5 54. h3 Kh4 55. hxg4 hxg4 56. Ra2 Rc3 57. Rb2 Rc4 58.
Ra2 g3 59. Rb2 1/2-1/2

[Event "First Saturday 2010 december FM-A"]
[Site "Budapest"]
[Date "2010.12.09"]
[Round "6"]
[White "Tessedik, Karoly"]
[Black "Schenkerik, Csaba"]
[Result "0-1"]
[WhiteElo "1993"]
[BlackElo "2127"]
[PlyCount "84"]
[EventDate "2010.12.04"]

1. Nf3 d5 2. b3 c5 3. Bb2 Nc6 4. e3 e6 5. Be2 Nf6 6. h3 Bd6 7. g4 O-O 8. d4
cxd4 9. exd4 Ne4 10. Bd3 f5 11. c3 e5 12. Bxe4 dxe4 13. dxe5 Bxe5 14. Nd4 Bxd4
15. cxd4 Nb4 16. O-O fxg4 17. Nc3 gxh3 18. Nxe4 Qh4 19. f3 Bf5 20. Qe1 h2+ 21.
Kh1 Qxe1 22. Raxe1 Nd3 23. Ba3 Nxe1 24. Rxe1 Rfe8 25. Kxh2 Rad8 26. Bb2 Re6 27.
Kg3 Rc6 28. Re2 Be6 29. Kf4 Bd5 30. Ke3 h6 31. Rg2 Kf7 32. Rf2 g5 33. Kd3 Kg6
34. Nd2 Ra6 35. a3 Rb6 36. b4 Rf6 37. Bc3 b5 38. Ke3 Re8+ 39. Kd3 g4 40. Rg2
Bxf3 41. Rg3 Rf5 42. Nf1 Be2+ 0-1

[Event "First Saturday 2010 december FM-A"]
[Site "Budapest"]
[Date "2010.12.09"]
[Round "6"]
[White "Grimm, Daniel"]
[Black "Letay, Gyula"]
[Result "1/2-1/2"]
[WhiteElo "1912"]
[BlackElo "2089"]
[PlyCount "56"]
[EventDate "2010.12.04"]

1. e4 c5 2. Nf3 d6 3. d4 cxd4 4. Nxd4 Nf6 5. Nc3 a6 6. Be3 e5 7. Nb3 Be6 8. f3
Be7 9. Qd2 Nbd7 10. O-O-O Qc7 11. g4 h6 12. Rg1 O-O-O 13. Nd5 Bxd5 14. exd5 Nb6
15. Qa5 Nfd7 16. Kb1 Kb8 17. c4 Rc8 18. Rc1 Bg5 19. Bxg5 hxg5 20. h3 Rhe8 21.
Bd3 g6 22. Rge1 Ka7 23. Qd2 Qd8 24. Qf2 Kb8 25. Nd2 Na4 26. Bc2 Nab6 27. Bd3
Nc5 28. Bc2 Ncd7 1/2-1/2

[Event "First Saturday 2010 december FM-A"]
[Site "Budapest"]
[Date "2010.12.09"]
[Round "6"]
[White "Darazs, Zoltan"]
[Black "Csomor, Viktor"]
[Result "1-0"]
[WhiteElo "2183"]
[BlackElo "2084"]
[PlyCount "57"]
[EventDate "2010.12.04"]

1. e4 e6 2. b3 d5 3. Bb2 dxe4 4. Nc3 Nf6 5. g4 e3 6. fxe3 Nd5 7. Qf3 Qh4+ 8.
Qg3 Qxg3+ 9. hxg3 Nc6 10. Bg2 Ncb4 11. O-O-O Nxc3 12. dxc3 Nd5 13. Bxd5 exd5
14. Rxd5 Be6 15. c4 Bxd5 16. cxd5 O-O-O 17. e4 f6 18. g5 fxg5 19. Nf3 g4 20.
Ng5 Re8 21. Ne6 Rxe6 22. dxe6 h5 23. Rf1 Rg8 24. Rf7 Kd8 25. Kd2 Bd6 26. Bxg7
Ke8 27. e5 Rxg7 28. exd6 Rg5 29. d7+ 1-0

[Event "First Saturday 2010 december FM-A"]
[Site "Budapest"]
[Date "2010.12.09"]
[Round "6"]
[White "Zala, Gyula"]
[Black "Koczo, Kristof"]
[Result "0-1"]
[WhiteElo "1988"]
[BlackElo "2187"]
[PlyCount "46"]
[EventDate "2010.12.04"]

1. e4 c6 2. d4 d5 3. c4 dxe4 4. Be3 Nf6 5. Be2 e5 6. dxe5 Qa5+ 7. Nc3 Qxe5 8.
Nh3 Bxh3 9. gxh3 Bc5 10. O-O Bd6 11. f4 exf3 12. Rxf3 Qxh2+ 13. Kf1 Bg3 14.
Rxg3 Qxg3 15. Bf2 Qxh3+ 16. Kg1 O-O 17. Qd4 Nbd7 18. Rd1 Rfe8 19. Rd3 Qf5 20.
Rg3 Nf8 21. Bd3 Qe5 22. Qh4 Ng6 23. Bxg6 fxg6 0-1

[Event "First Saturday 2010 december FM-A"]
[Site "Budapest"]
[Date "2010.12.09"]
[Round "6"]
[White "Borda, Lajos"]
[Black "Mayer, Istvan"]
[Result "1/2-1/2"]
[WhiteElo "2127"]
[BlackElo "2049"]
[PlyCount "25"]
[EventDate "2010.12.04"]

1. d4 d5 2. Nf3 Nf6 3. e3 Bf5 4. Bd3 Be4 5. c4 dxc4 6. Bxc4 e6 7. O-O Nbd7 8.
Nc3 Bg6 9. Qe2 c6 10. h3 Ne4 11. Nxe4 Bxe4 12. Bd3 Bxd3 13. Qxd3 1/2-1/2

[Event "First Saturday 2010 december FM-A"]
[Site "Budapest"]
[Date "2010.12.10"]
[Round "7"]
[White "Koczo, Kristof"]
[Black "Borda, Lajos"]
[Result "1-0"]
[WhiteElo "2187"]
[BlackElo "2127"]
[PlyCount "97"]
[EventDate "2010.12.04"]

1. d4 Nf6 2. c4 g6 3. Nc3 Bg7 4. e4 d6 5. h3 O-O 6. Bg5 Nbd7 7. Bd3 e5 8. d5 h6
9. Be3 a5 10. g4 Nc5 11. Bc2 Kh7 12. Nge2 Rh8 13. Ng3 Kg8 14. Qd2 Bd7 15. f3
Ne8 16. h4 Bf8 17. h5 g5 18. Ke2 f6 19. b3 Rh7 20. a3 Na6 21. Rhb1 c5 22. dxc6
bxc6 23. b4 axb4 24. axb4 Be6 25. Bd3 c5 26. b5 Nb4 27. Nd5 Nxd3 28. Qxd3 Rha7
29. Rxa7 Rxa7 30. Nf5 Kh7 31. Qb3 Ng7 32. Nxg7 Kxg7 33. Rb2 Kf7 34. Ra2 Rb7 35.
Ra6 Be7 36. Qa2 Qd7 37. Bd2 Bd8 38. Ra8 Kg7 39. Qa6 Bxd5 40. exd5 Bb6 41. Qa2
Ra7 42. Rxa7 Bxa7 43. Qa6 f5 44. gxf5 Kf6 45. b6 Bb8 46. Qa8 Qe8 47. Qc6 Qd8
48. b7 Bc7 49. Ba5 1-0

[Event "First Saturday 2010 december FM-A"]
[Site "Budapest"]
[Date "2010.12.10"]
[Round "7"]
[White "Csomor, Viktor"]
[Black "Zala, Gyula"]
[Result "1-0"]
[WhiteElo "2084"]
[BlackElo "1988"]
[PlyCount "151"]
[EventDate "2010.12.04"]

1. d4 b5 2. e3 Bb7 3. Nf3 g5 4. Nxg5 Nf6 5. Nd2 h5 6. b3 h4 7. h3 a5 8. Ngf3
Nd5 9. c4 bxc4 10. bxc4 Nf6 11. Qb3 Ba6 12. Bd3 e6 13. O-O Rg8 14. Kh1 Nc6 15.
a3 Rb8 16. Qc2 Bb7 17. Rg1 Ne7 18. Ne4 Nf5 19. Nxf6+ Qxf6 20. Be4 Bc8 21. Rb1
Rxb1 22. Qxb1 Nd6 23. c5 Nxe4 24. Qxe4 Be7 25. Bd2 d5 26. Qe5 Qxe5 27. Nxe5 f6
28. Nd3 a4 29. Nb2 Bd7 30. Ba5 Bd8 31. Nd3 Bb5 32. Nf4 Kd7 33. Rb1 Bc6 34. Nd3
Be7 35. Kh2 e5 36. g3 e4 37. Nf4 f5 38. Bd2 Bg5 39. Ne2 Rh8 40. Rg1 Rb8 41. Bb4
Bb5 42. Nc3 Bc6 43. gxh4 Bh6 44. Rg6 Rh8 45. Rf6 f4 46. exf4 Bf8 47. Rf5 Be7
48. h5 Bh4 49. Kg2 Rg8+ 50. Kf1 Bb7 51. h6 Ba6+ 52. Ne2 Bc4 53. h7 Rh8 54. Rf7+
Ke6 55. Rxc7 Be7 56. Rc6+ Kf7 57. Rc7 Ke6 58. c6 Bxb4 59. axb4 a3 60. Ra7 a2
61. c7 Kd7 62. Kg2 Bxe2 63. Rxa2 Bf3+ 64. Kh2 Kxc7 65. Ra7+ Kc6 66. Re7 Kb5 67.
f5 Kxb4 68. Rc7 Kb5 69. Kg3 Bh5 70. Kh4 Be8 71. Kg5 Kb6 72. Rg7 Kb5 73. Kh6 Kc4
74. Rg8 Rxh7+ 75. Kxh7 Bd7 76. f6 1-0

[Event "First Saturday 2010 december FM-A"]
[Site "Budapest"]
[Date "2010.12.11"]
[Round "8"]
[White "Grimm, Daniel"]
[Black "Czibulka, Zoltan dr"]
[Result "1/2-1/2"]
[WhiteElo "1912"]
[BlackElo "2092"]
[PlyCount "45"]
[EventDate "2010.12.04"]

1. e4 e6 2. d4 d5 3. Nc3 Bb4 4. a3 Bf8 5. Nf3 Nf6 6. Bg5 Be7 7. e5 Nfd7 8. Bxe7
Qxe7 9. Bd3 a6 10. Ne2 c5 11. c3 Nc6 12. O-O cxd4 13. cxd4 f6 14. exf6 Nxf6 15.
Re1 O-O 16. Ng3 Qc7 17. Rc1 Qf4 18. Ne2 Qh6 19. Qd2 Qxd2 20. Nxd2 Bd7 21. f4
Ng4 22. h3 Nh6 23. Nb3 1/2-1/2

[Event "First Saturday 2010 december FM-A"]
[Site "Budapest"]
[Date "2010.12.11"]
[Round "8"]
[White "Darazs, Zoltan"]
[Black "Schenkerik, Csaba"]
[Result "1-0"]
[WhiteElo "2183"]
[BlackElo "2127"]
[PlyCount "55"]
[EventDate "2010.12.04"]

1. e4 Nf6 2. Nc3 d6 3. d4 g6 4. f4 Bg7 5. Nf3 O-O 6. Bd3 Nc6 7. d5 Nb4 8. Bc4
c6 9. dxc6 Nxc6 10. O-O Bg4 11. Be3 a6 12. h3 Bxf3 13. Qxf3 Qc7 14. g4 Na5 15.
Bd3 e6 16. Rad1 Nd7 17. Qf2 Bxc3 18. bxc3 Qxc3 19. f5 exf5 20. exf5 Ne5 21. Bh6
Rfc8 22. fxg6 fxg6 23. Qf6 Nxd3 24. Qf7+ Kh8 25. Rxd3 Qe5 26. Rdf3 Rg8 27. Re3
Qd4 28. c3 1-0